000 00612nam a2200229Ia 4500
001 9245
005 20240113234156.0
007 ta
008 050723s a g b000 u eng u
040 _aCotton College,Assam
041 _aeng
082 _a801
_bC 235 In
100 _aCarritt, E.F. .
245 0 _aAn Introduction to Aesthetics /
_cE.F. Carritt.
_hTextual Documents
260 _aLondon :
_bHutchinson University Library ,
_cnd.
300 _a151p. :
_bill. ;
_c20cm. .
504 _aIndex
653 _aEnglish-Literature
942 _2ddc
_cBK
999 _c9232
_d9232